Jesus, o maior psicólogo que já existiu / (Record no. 423)

MARC details
000 -LÍDER
campo de controle de tamanho fixo 01945nam a2200301Ia 4500
001 - NÚMERO DE CONTROLE
campo de controle 423
003 - IDENTIFICADOR DO NÚMERO DE CONTROLE
campo de controle OSt
005 - DATA E HORÁRIO DA ÚLTIMA TRANSAÇÃO
campo de controle 20250624150926.0
008 - CAMPO DE DADOS FIXOS--INFORMAÇÃO GERAL
campo de controle de tamanho fixo 200720b ||||| |||| 00| 0 eng d
020 1# - ISBN - INTERNATIONAL STANDARD BOOK NUMBER
ISBN - International Standard Book Number 8575421557
040 ## - FONTE DA CATALOGAÇÃO
Idioma da catalogação por
041 1# - CÓDIGO DE IDIOMA
Código do idioma do texto/trilha sonora ou título diferente por
082 1# - CDD - CLASSIFICAÇÃO DECIMAL DE DEWEY
Número de Classificação 230
Número do exemplar B142j
100 ## - ENTRADA PRINCIPAL--NOME PESSOAL
Nome pessoal Baker, Mark W.
Datas associadas ao nome 1965-
240 ## - TÍTULO UNIFORME
Título uniforme The greatest psychologist who ever lived
245 ## - TÍTULO
Título Jesus, o maior psicólogo que já existiu /
Indicação de responsabilidade, etc. Baker, Mark W., tradução de Claudia Gerpe Duarte
260 ## - PUBLICAÇÃO, DISTRIBUIÇÃO, ETC.
Local de publicação, distribuição, etc. Rio de Janeiro
Nome do editor, distribuidor, etc. Sextante
Data da publicação, distribuição, etc. 2005
300 ## - DESCRIÇÃO FÍSICA
Extensão 191p.
520 ## - NOTA DE RESUMO, ETC.
Resumo, etc. JESUS, O MAIOR PSICÓLOGO QUE JÁ EXISTIU<br/>Jesus, o maior psicólogo que já existiu faz uma abordagem original da relação entre ciência e religião, ligando os principais ensinamentos de Jesus às descobertas recentes da psicologia. Com base em sua experiência como terapeuta e no seu profundo conhecimento da Bíblia, Mark Baker demonstra por que a mensagem de Cristo é perfeitamente compatível com os princípios da psicologia: ela contém a chave da saúde emocional, do bem-estar e do crescimento pessoal. Em uma linguagem simples e cativante, ele mostra que, seja qual for a nossa crença religiosa ou filosofia de vida, todos podemos nos beneficiar da sabedoria daquele que, como diz o autor, foi o maior psicólogo de todos os tempos. Organizado em dezenas de lições concisas, este livro é uma coleção de valiosos exemplos práticos sobre como essa sabedoria comprovada pelo tempo pode nos ajudar a resolver os problemas do cotidiano, a repensar atitudes e a praticar o perdão, a solidariedade e a lealdade, valorizando nossas vidas e nossos relacionamentos com mais amizade e amor.
650 #0 - ASSUNTO--TERMO TÓPICO
Cabeçalho tópico ou nome geográfico Literatura Americana
9 (RLIN) 84
650 #0 - ASSUNTO--TERMO TÓPICO
Cabeçalho tópico ou nome geográfico Jesus Cristo - Ensinamentos
650 #0 - ASSUNTO--TERMO TÓPICO
Cabeçalho tópico ou nome geográfico Religião
9 (RLIN) 100
650 #0 - ASSUNTO--TERMO TÓPICO
Cabeçalho tópico ou nome geográfico Psicologia
9 (RLIN) 831
650 #0 - ASSUNTO--TERMO TÓPICO
Cabeçalho tópico ou nome geográfico Cristologia
655 #0 - TERMO DE ÍNDICE--GÊNERO E FORMA
Gênero/forma/ou termo foco Não Ficção
700 ## - ENTRADA ADICIONADA - NOME PESSOAL
Nome pessoal Claudia Gerpe Duarte
Função do autor por extenso TRADUTORA
9 (RLIN) 901
942 ## - ELEMENTOS DE ENTRADA ADICIONADOS (KOHA)
Fonte de classificação ou esquema de arquivamento Classificação decimal de Dewey
Tipo de material Koha Livros
Holdings
Situação do descarte Situação das perdas Fonte de classificação ou esquema de arquivamento Status danificado Não pode ser emprestado Coleção Biblioteca de origem Biblioteca atual Localização na estante Data de aquisição Fonte de aquisição Total de empréstimos Número de chamada completo Código de barras Data de último acesso Data do preço efetivo Tipo de material Koha
    Classificação decimal de Dewey     Não ficção Biblioteca Professor Eduardo Afonso de Castro Biblioteca Professor Eduardo Afonso de Castro Religiosidades 19.05.2025 doação   230 / B14j 2025-17352 19.05.2025 19.05.2025 Livros

Powered by Koha